Pêche - Poissons de rivière - Statistiques

Statistiques générales
  • Ce quiz a été pris 396 fois
  • Le résultat moyen est 10 sur 16
Statistiques - réponses
Par images Réponse % Correct
Brochet
98%
Carpe commune
91%
Poisson-chat
89%
Silure
89%
Truite Fario
89%
Perche commune
85%
Esturgeon
80%
Gardon
78%
Sandre
78%
Tanche
63%
Brème commune
61%
Barbeau
55%
Chevesne
45%
Ombre commun
27%
Epinoche
18%
Blageon
1%
Aucun quiz correspondant
Distribution des résultats
% des personnes avec chaque résultat
Percentile par nombre de réponses
Votre historique - résultats
Vous n’avez pas pris ce quiz